| 000 | 01479nam a22002297a 4500 | ||
|---|---|---|---|
| 001 | 6816 | ||
| 003 | FISKH | ||
| 005 | 20250529114219.0 | ||
| 008 | 250529b cb ||||| |||| 00| 0 eng d | ||
| 020 | _a8846000400004 | ||
| 040 |
_aFISKH _beng _cFISKH _dFISKH |
||
| 082 | _a600 | ||
| 100 | _aSovichea, Chea Vong | ||
| 245 |
_aជំនាញកំព្យូទ័រ សំរាប់ការិយាល័យ 4 in 1 / _cBy Chea Vong Sovichea and Siv Kimthai |
||
| 250 | _aបោះពុម្ពលើកទី៣ | ||
| 260 |
_aភ្នំពេញ : _bរោងពុម្ព អាយ អាយ សុី , |
||
| 300 |
_a288 pages : _billustrations ; _c23 cm . |
||
| 520 | _aសៀវភៅនេះផ្តល់ការណែនាំលម្អិតអំពីការប្រើប្រាស់កម្មវិធី Microsoft Office ដូចជា Word, Excel, PowerPoint និង Access ដើម្បីជួយបង្កើនប្រសិទ្ធភាពក្នុងការងារការិយាល័យ។ វាក៏បង្ហាញពីការប្រើប្រាស់ប្រព័ន្ធប្រតិបត្តិការ Windows និងការប្រើប្រាស់អ៊ីនធឺណិតសម្រាប់ការស្រាវជ្រាវ និងការទំនាក់ទំនង។ | ||
| 700 |
_aMaline, Tuon _eEditor |
||
| 942 |
_2ddc _cBK _n0 |
||
| 999 |
_c6816 _d6816 |
||